Verbum Dei scriptum Verbis & doctrinis Patrum ... defensum : Sive Antilogiae librorum Sacrae Scripturae Expensae,& concordatae ... Cum annexis Thesibus ex Universa Theologia Scholastica : Quas In ... Universitate Olomucensi Societatis Jesu ... Publice defendendas suscepit ... Andreas Tempes ... Ordinis S.Augustini Canon.regular.Laternanen.in ... Canonia ... Sternbergae ... Philosophiae Magister ... Annô MDCCL ... Pars II. /

Hlavní autor: Pleyer, Josef, 1709-1799
Další autoři: Tempes, Andreas, augustinián, 18. stol.
Jazyk: Latina
Vydáno: Olomucii : Typis Francisci Antonii Hirnle, 1750
Témata:
Externí odkaz: Digitalizovaný dokument
Fyzický popis: 291, [13] s. ; 8°
Knihy
Uloženo v:
LEADER 01845nam a2200397 a 4500
001 mzk03001176233
003 CZ BrMZK
005 20201118193834.0
007 ta
008 090810s1750 xr ||||fr|||||00||||lat|d
040 |a BOA001  |b cze  |d BOE950 
072 7 |a 094  |x Staré tisky  |2 Konspekt  |9 12 
072 7 |a 2-23/-27  |x Bible. Biblistika  |2 Konspekt  |9 5 
080 |a 025.171  |2 MRF 
080 |a 27-27  |2 MRF 
080 |a (0.068)094  |2 MRF 
100 1 |a Pleyer, Josef,  |d 1709-1799  |7 xx0127995  |4 aut 
245 1 0 |a Verbum Dei scriptum Verbis & doctrinis Patrum ... defensum :  |b Sive Antilogiae librorum Sacrae Scripturae Expensae,& concordatae ... Cum annexis Thesibus ex Universa Theologia Scholastica : Quas In ... Universitate Olomucensi Societatis Jesu ... Publice defendendas suscepit ... Andreas Tempes ... Ordinis S.Augustini Canon.regular.Laternanen.in ... Canonia ... Sternbergae ... Philosophiae Magister ... Annô MDCCL ...  |n Pars II. /  |c Praeside P.Josepho Pleyer e Societate Jesu ..) 
246 3 2 |a Antilogiae librorum Sacrae Scripturae Expendae, & concordatae 
260 |a Olomucii :  |b Typis Francisci Antonii Hirnle,  |c 1750 
300 |a 291, [13] s. ;  |c 8° 
563 |a Kožená vazba 
650 7 |a historické knihovní fondy  |7 ph172933  |2 czenas 
650 7 |a biblistika  |7 ph118873  |2 czenas 
655 7 |a staré tisky  |7 fd422076  |2 czenas 
700 1 |a Tempes, Andreas,  |c augustinián,  |d 18. stol.  |4 aut 
856 4 1 |u https://imageserver.mzk.cz/mzk03/001/176/233/328100200833.titul  |y Digitalizovaný dokument 
903 |a RP 
910 |e BOE950  |c R - A. II. c. 30 
978 |b Hirnle, František Antonín  |a Olomouc  |c 1750 
984 |a Olomouc  |b Česko 
985 |a 1701-1750 
990 |a BK 
996 |e BOE950  |c R - A. II. c. 30 
991 |k rajhrad 
980 |c 200833  |g R - A. II. c. 30  |d 20090810  |t 5  |j ?  |1 328100200833  |n J  |z PA  |v V  |p inv. č. 4101